MARC

LEADER 00000nam0a2200000 4500
001 118319
005 20231101215449.0
010 |a 7020050964 
035 |a (RuTPU)RU\TPU\book\128037 
090 |a 118319 
100 |a 20070609d2005 m y0rusy50 ca 
101 0 |a chi 
102 |a CN 
105 |a y z 001ay 
200 1 |a Избранные стихотворения  |f Чжоу Гао 
210 |a Пекин  |c Народная литература  |d 2005 
215 |a 277 с. 
225 1 |a Библиотека Китая. Литература 
300 |a Книга на китайском языке. 
606 1 |a Китайская литература  |2 stltpush  |3 (RuTPU)RU\TPU\subj\14444  |9 40827 
606 1 |a Китайский язык  |x Учебники и учебные пособия  |2 stltpush  |3 (RuTPU)RU\TPU\subj\73823  |9 86580 
610 1 |a литература 
610 1 |a художественная литература 
610 1 |a китайская лирика 
610 1 |a китайская литература 
610 1 |a поэзия 
610 1 |a китайский язык 
610 1 |a книги для чтения 
675 |a 895.1  |v 3 
686 |a Ш171.11-923.8  |v LBC/SL-A  |2 rubbk 
700 0 |a Чжоу Гао 
801 1 |a RU  |b 63413507  |c 20070609  |g PSBO 
801 2 |a RU  |b 63413507  |c 20220617  |g PSBO 
942 |c BK